Every Song by Crosby, Stills, Nash & Young - Statistics

General Stats
  • This quiz has been taken 22 times
  • The average score is 16 of 106
Answer Stats
Album Song % Correct
Déjà Vu(1970) Our House
77%
Déjà Vu(1970) Déjà Vu
69%
Déjà Vu(1970) Helpless
69%
Crosby, Stills & Nash(1969) Helplessly Hoping
69%
Crosby, Stills & Nash(1969) Suite: Judy Blue Eyes
69%
Déjà Vu(1970) Teach Your Children
69%
Déjà Vu(1970) 4 + 20
62%
Déjà Vu(1970) Almost Cut My Hair
62%
Daylight Again(1982) Daylight Again / Find the Cost of Freedom
62%
Crosby, Stills & Nash(1969) Marrakesh Express
62%
4 Way Street(1971) Ohio
62%
Crosby, Stills & Nash(1969) Guinnevere
54%
Crosby, Stills & Nash(1969) Wooden Ships
54%
Déjà Vu(1970) Carry On
46%
CSN(1977) Dark Star
46%
Daylight Again(1982) Southern Cross
46%
After the Storm(1994) After the Storm
38%
American Dream(1988) American Dream
38%
CSN(1977) Just a Song Before I Go
38%
Live It Up(1990) Live It Up
38%
Looking Forward(1999) Looking Forward
38%
CSN(1977) Cathedral
31%
Déjà Vu(1970) Everybody I Love You
31%
Daylight Again(1982) Wasted on the Way
31%
Crosby, Stills & Nash(1969) 49 Bye-Byes
23%
Daylight Again(1982) Delta
23%
Crosby, Stills & Nash(1969) Lady of the Island
23%
Crosby, Stills & Nash(1969) You Don't Have to Cry
23%
Déjà Vu(1970) Country Girl (I Think You’re Pretty)
15%
Crosby, Stills & Nash(Bonus)(2006) Do for the Others
15%
Déjà Vu(1970) Down, Down, Down
15%
Crosby, Stills & Nash(1969) Long Time Gone
15%
Crosby, Stills & Nash(1969) Pre-Road Downs
15%
Déjà Vu(1970) Whiskey Boot Hill
15%
Live It Up(1990) After the Dolphin
8%
4 Way Street(Bonus)(1992) Black Queen
8%
After the Storm(1994) Camera
8%
CSN(1977) Cold Rain
8%
4 Way Street(1971) The Lee Shore
8%
CSN(1977) Fair Game
8%
Live It Up(1990) Haven't We Lost Enough?
8%
Live It Up(1990) If Anybody Had a Heart
8%
CSN(1977) I Give You Give Blind
8%
CSN(1977) Run from Tears
8%
CSN(1977) See the Changes
8%
CSN(1977) Shadow Captain
8%
Looking Forward(1999) Slowpoke
8%
Daylight Again(1982) Song for Susan
8%
Crosby, Stills & Nash(Bonus)(2006) Song with No Words (Tree with No Leaves)
8%
American Dream(1988) This Old House
8%
Daylight Again(1982) Turn Your Back on Love
8%
Allies(1983) War Games
8%
4 Way Street(1971) America's Children
0%
CSN(1977) Anything at All
0%
Live It Up(1990) Arrows
0%
After the Storm(1994) Bad Boyz
0%
Allies(1983) Barrel of Pain
0%
CSN(1977) Carried Away
0%
Non-Album(1990) Chippin' Away
0%
American Dream(1988) Clear Blue Skies
0%
American Dream(1988) Compass
0%
Daylight Again(Bonus)(2006) Feel Your Love
0%
American Dream(1988) Don't Say Goodbye
0%
Looking Forward(1999) Dream for Him
0%
American Dream(1988) Drivin' Thunder
0%
Looking Forward(1999) Faith in Me
0%
American Dream(1988) Feel Your Love
0%
After the Storm(1994) Find a Dream
0%
American Dream(1988) Got It Made
0%
Live It Up(1990) (Got to Keep) Open
0%
Looking Forward(1999) Heartland
0%
Allies(1983) He Played Real Good for Free
0%
Live It Up(1990) House of Broken Dreams
0%
CSN(1977) In My Dreams
0%
Daylight Again(1982) Into the Darkness
0%
After the Storm(1994) It Won't Go Away
0%
4 Way Street(Bonus)(1992) Laughing
0%
Daylight Again(1982) Might As Well Have a Good Time
0%
Demos(2009) Music Is Love
0%
American Dream(1988) Name of Love
0%
American Dream(1988) Night Song
0%
American Dream(1988) Nighttime for the Generals
0%
Looking Forward(1999) No Tears Left
0%
After the Storm(1994) Only Waiting for You
0%
Looking Forward(1999) Out of Control
0%
After the Storm(1994) Panama
0%
Looking Forward(1999) Queen of Them All
0%
Allies(1983) Raise a Voice
0%
Looking Forward(1999) Sanibel
0%
Looking Forward(1999) Seen Enough
0%
American Dream(1988) Shadowland
0%
Daylight Again(1982) Since I Met You
0%
American Dream(1988) Soldiers of Peace
0%
Looking Forward(1999) Someday Soon
0%
Looking Forward(1999) Stand and Be Counted
0%
Live It Up(1990) Straight Line
0%
After the Storm(1994) Street to Lean On
0%
American Dream(1988) That Girl
0%
After the Storm(1994) These Empty Days
0%
After the Storm(1994) Till It Shines
0%
Live It Up(1990) Tomboy
0%
Daylight Again(Bonus)(2006) Tomorrow Is Another Day
0%
Daylight Again(1982) Too Much Love to Hide
0%
After the Storm(1994) Unequal Love
0%
Daylight Again(1982) You Are Alive
0%
Live It Up(1990) Yours and Mine
0%
No matching quizzes found
Score Distribution
Percent of People with Each Score
Percentile by Number Answered
Your Score History
You have not taken this quiz